The noble scholar, jurist, historian


 His Excellency Dr. Abdul Wahhab bin Ibrahim Abu Sulaiman, may Allah have mercy on him.


 He was born in Umm Al-Qura in the year 1356 AH.

بهجة النفوس وتحليها لمعرفة ما لها وماعليها : (Record no. 4651)

MARC details
000 -LEADER
fixed length control field 01692cam a22003251i 4500
003 - CONTROL NUMBER IDENTIFIER
control field SA-RiAUC
005 - DATE AND TIME OF LATEST TRANSACTION
control field 20250113064311.0
008 - FIXED-LENGTH DATA ELEMENTS--GENERAL INFORMATION
fixed length control field 250112s1972 le g 000 0 ara c
040 ## - CATALOGING SOURCE
Original cataloging agency SA-JeALM
Language of cataloging ara
Transcribing agency SA-RiAUC
Description conventions rda
082 04 - DEWEY DECIMAL CLASSIFICATION NUMBER
Classification number 235.1
090 ## - LOCALLY ASSIGNED LC-TYPE CALL NUMBER (OCLC); LOCAL CALL NUMBER (RLIN)
Classification number (OCLC) (R) ; Classification number, CALL (RLIN) (NR) 235.1
Local cutter number (OCLC) ; Book number/undivided call number, CALL (RLIN) ا ب ن ا
100 1# - MAIN ENTRY--PERSONAL NAME
Personal name ابن أبي جمرة، عبد الله بن سعد بن سعيد،
Dates associated with a name توفي 695 هجري
Relator term مؤلف.
245 10 - TITLE STATEMENT
Title بهجة النفوس وتحليها لمعرفة ما لها وماعليها :
Remainder of title شرح مختصر صحيح البخاري، المسمى، جمع النهاية في بدء الخير والغاية /
Statement of responsibility, etc. لأبي محمد عبد الله بن أبي جمرة الأندلسي.
246 30 - VARYING FORM OF TITLE
Title proper/short title شرح مختصر صحيح البخاري، المسمى، جمع النهاية في بدء الخير والغاية
250 ## - EDITION STATEMENT
Edition statement الطبعة الثالثة.
264 #1 - PRODUCTION, PUBLICATION, DISTRIBUTION, MANUFACTURE, AND COPYRIGHT NOTICE
Place of production, publication, distribution, manufacture بيروت :
Name of producer, publisher, distributor, manufacturer دار الجيل،
Date of production, publication, distribution, manufacture, or copyright notice بين [1900 و 1999]
300 ## - PHYSICAL DESCRIPTION
Extent مجلد :
Dimensions 30 سم.
336 ## - CONTENT TYPE
Content type term نص
Content type code txt
Source rdacontent
Materials specified كتاب
337 ## - MEDIA TYPE
Media type term بدون وسيط
Media type code n
Source rdamedia
338 ## - CARRIER TYPE
Carrier type term مجلد
Carrier type code nc
Source rdacarrier
650 #7 - SUBJECT ADDED ENTRY--TOPICAL TERM
Topical term or geographic name entry element الحديث
General subdivision الإسناد الصحيح
Source of heading or term aucsh
650 #7 - SUBJECT ADDED ENTRY--TOPICAL TERM
Topical term or geographic name entry element الحديث
General subdivision شرح
Source of heading or term aucsh
650 #7 - SUBJECT ADDED ENTRY--TOPICAL TERM
Topical term or geographic name entry element الحديث
General subdivision الكتب الستة
Source of heading or term aucsh
700 12 - ADDED ENTRY--PERSONAL NAME
Personal name البخاري، محمد بن إسماعيل بن إبراهيم،
Dates associated with a name 194-256 هجري
740 02 - ADDED ENTRY--UNCONTROLLED RELATED/ANALYTICAL TITLE
Uncontrolled related/analytical title صحيح البخاري.
740 02 - ADDED ENTRY--UNCONTROLLED RELATED/ANALYTICAL TITLE
Uncontrolled related/analytical title مختصر صحيح البخاري، المسمى، جمع النهاية في بدء الخير والغاية.
740 02 - ADDED ENTRY--UNCONTROLLED RELATED/ANALYTICAL TITLE
Uncontrolled related/analytical title جمع النهاية في بدء الخير والغاية.
942 ## - ADDED ENTRY ELEMENTS (KOHA)
Source of classification or shelving scheme Dewey Decimal Classification
Koha item type Books
Suppress in OPAC No
949 ## - LOCAL PROCESSING INFORMATION (OCLC)
a SA-JeALM
d 250112
u osman123
n 1
Holdings
Withdrawn status Lost status Source of classification or shelving scheme Materials specified (bound volume or other part) Damaged status Not for loan Home library Current library Date acquired Total checkouts Full call number Barcode Date last seen Price effective from Koha item type
    Dewey Decimal Classification الجزء الأول     DR AbdElwahab Library DR AbdElwahab Library 01/13/2025   235.1 ا ب ن ا 000007150 01/13/2025 01/13/2025 Books
    Dewey Decimal Classification الجزء الثالث     DR AbdElwahab Library DR AbdElwahab Library 01/13/2025   235.1 ا ب ن ا 000007351 01/13/2025 01/13/2025 Books